000 00553nam a2200133Ia 4500
008 171212s9999 xx 000 0 und d
020 _a9781921666926
100 _aOakman, Daniel
245 _cOakman, Daniel
_aFacing Asia
_bA History of the Colombo Plan
260 _bANU E Press
_c2010
650 _aEconomic assistance -- Southeast Asia -- History; Economic assistance -- Political aspects -- Southeast Asia; Economic assistance -- Social aspects -- Southeast Asia
650 _aPolitical Science
856 _uwww.jstor.org/stable/10.2307/j.ctt24hckg
999 _c351106
_d351106